000 00424nam a22001697a 4500
003 CEME
005 20210628210422.0
008 210208b xxu||||| |||| 00| 0 eng d
040 _c.
082 _a891.4391 MUZ
100 _aWarsi, Muzaffar Muzaffar Warsi
_979207
245 _a Zulam na sehna
260 _aLAHORE
_bALQAMAR ENTERPRISES
_c1993
300 _a181P
650 _aURDU ADAB-POETRY
_928226
942 _cBK
_2ddc
999 _c584363
_d584363